000 00447nam a2200181Ia 4500
008 230524s9999 xx 000 0 und d
020 _a8127210919
082 _a510
_bRAY
100 _aJ.Sinha Roy
245 2 _aA Course on Ordinary and Partial Differential equations
250 _a3RD
260 _aCUTTACK
_bKalyani
_c2003
300 _aXY;493
500 _aQuantity Number: 80
650 _aMathematics
700 _a S.Padhi
942 _cBK
999 _c348
_d348